| 000 | 00604nam a2200193 a 4500 | ||
|---|---|---|---|
| 001 | 000047060 | ||
| 005 | 20201002053327.0 | ||
| 008 | 180412s2016 dr a 000 0 spa d | ||
| 020 | _a9789945124033 | ||
| 040 |
_aDO-SdBNP _bspa _cBNPHU |
||
| 082 |
_axxxx _bxxxx |
||
| 100 | 1 |
_aSaiz de Bauger, Guillermina _974891 |
|
| 245 | 1 | 0 |
_aEnglish I1 : _bstudent's book 5th grade primary school / _cGuillermina Saiz de Bauger. |
| 260 |
_aSanto Domingo : _bSusaeta, _c2016. |
||
| 300 |
_av. : _bil. ; _c28 cm. |
||
| 500 | _aNew curriculum design | ||
| 504 | _aBibliography : p. 128 | ||
| 590 | _aInventariado, 2018/LP | ||
| 999 |
_c46548 _d46548 |
||